Environmental management in organizations (Record no. 106409)
[ view plain ]
| 000 -LEADER | |
|---|---|
| fixed length control field | 01045cam a2200241 4500 |
| 001 - CONTROL NUMBER | |
| control field | L136491 |
| 008 - FIXED-LENGTH DATA ELEMENTS--GENERAL INFORMATION | |
| fixed length control field | 070205n2005 000 0 eng u |
| 020 ## - INTERNATIONAL STANDARD BOOK NUMBER | |
| International Standard Book Number | 1853839760 |
| -- | 9781853839764 |
| 035 ## - SYSTEM CONTROL NUMBER | |
| System control number | (Sirsi) u136491 |
| 050 #4 - LIBRARY OF CONGRESS CALL NUMBER | |
| Classification number | 333.72 $2 18 |
| 245 00 - TITLE STATEMENT | |
| Title | Environmental management in organizations |
| Remainder of title | the IEMA handbook |
| 260 ## - PUBLICATION, DISTRIBUTION, ETC. | |
| Place of publication, distribution, etc. | London |
| Name of publisher, distributor, etc. | Earthscan Publications |
| Date of publication, distribution, etc. | 2005 |
| 300 ## - PHYSICAL DESCRIPTION | |
| Extent | xxxiii, 438p. |
| Dimensions | 25cm. |
| 520 ## - SUMMARY, ETC. | |
| Summary, etc. | Discusses the relevance and urgency of implementing sustainable environmental practices, and the relevant national and international legislation. Provides a guide to implementing good practices and to evaluation systems. |
| 590 ## - LOCAL NOTE (RLIN) | |
| Local note | KA |
| 650 24 - SUBJECT ADDED ENTRY--TOPICAL TERM | |
| Topical term or geographic name entry element | COUNTRYSIDE AND RIGHTS OF WAY ACT 2000 |
| 650 24 - SUBJECT ADDED ENTRY--TOPICAL TERM | |
| Topical term or geographic name entry element | SURFACE WATER (RIVER ECOSYSTEM) (CLASSIFICATION) REGULATIONS 1994 |
| 650 24 - SUBJECT ADDED ENTRY--TOPICAL TERM | |
| Topical term or geographic name entry element | KYOTO PROTOCOL TO THE UNITED NATIONS FRAMEWORK CONVENTION ON CLIMATE CHANGE |
| 651 #4 - SUBJECT ADDED ENTRY--GEOGRAPHIC NAME | |
| Geographic name | International |
| 690 ## - LOCAL SUBJECT ADDED ENTRY--TOPICAL TERM (OCLC, RLIN) | |
| Topical term or geographic name as entry element | ENVIRONMENTAL AND LAND CONSULTANCY-ENVIRONMENTAL MANAGEMENT |
| 700 1# - ADDED ENTRY--PERSONAL NAME | |
| Personal name | Brady, John |
| Relator term | Editor |
| 942 ## - ADDED ENTRY ELEMENTS (KOHA) | |
| Suppress in OPAC | 0 |
| Withdrawn status | Lost status | Source of classification or shelving scheme | Damaged status | Not for loan | Home library | Current library | Shelving location | Date acquired | Total Checkouts | Full call number | Barcode | Date last seen | Date last checked out | Copy number | Price effective from | Koha item type |
|---|---|---|---|---|---|---|---|---|---|---|---|---|---|---|---|---|
| Dewey Decimal Classification | London | London | Books | 09/03/2007 | 3 | 333.72 ENV | 30073703 | 06/08/2019 | 20/04/2009 | 1 | 06/08/2019 | Book |